Deuxièmes villes les plus peuplées de chaque pays d'Europe - Statistiques

Statistiques générales
  • Ce quiz a été pris 159 fois
    98 depuis la dernière actualisation
  • Le résultat moyen est 19 sur 43
Statistiques - réponses
Pays Deuxième ville la plus peuplée % Correct
France Marseille
96%
Espagne Barcelone
90%
Italie Milan
90%
Allemagne Hambourg
89%
Portugal Porto
88%
Russie Saint-Pétersbourg
88%
Pays-Bas Rotterdam
86%
Suisse Genève
81%
Royaume-Uni Birmingham
77%
Pologne Cracovie
73%
Grèce Thessalonique
69%
Croatie Split
64%
Suède Göteborg
58%
Irlande Cork
57%
Autriche Graz
56%
Norvège Bergen
51%
Tchéquie Brno
50%
Belgique Gand
49%
Ukraine Kharkiv
48%
Lituanie Kaunas
44%
Roumanie Cluj-Napoca
40%
Danemark Aarhus
38%
Serbie Novi Sad
30%
Liechtenstein Vaduz
30%
Luxembourg Esch-sur-Alzette
29%
Moldavie Tiraspol
29%
Bulgarie Plovdiv
27%
Slovénie Maribor
26%
Estonie Tartu
26%
Hongrie Debrecen
25%
Albanie Durrës
20%
Chypre Limassol
20%
Slovaquie Košice
19%
Bosnie-Herzégovine Banja Luka
18%
Finlande Espoo
18%
Lettonie Daugavpils
13%
Biélorussie Homiel
11%
Monténégro Nikšić
6%
Andorre Escaldes-Engordany
5%
Islande Kópavogur
5%
Saint-Marin Borgo Maggiore
4%
Macédoine du Nord Kumanovo
4%
Malte Il-Mosta
2%
Aucun quiz correspondant
Distribution des résultats
% des personnes avec chaque résultat
Percentile par nombre de réponses
Votre historique - résultats
Vous n’avez pas pris ce quiz depuis la dernière actualisation